Statistiken für Autobahnen und Schnellstraßen in Österreich

Klicken Sie hier um das Quiz zu spielen!

Allgemein

  • Dieses Quiz wurde 461 mal gespielt
  • Das Durchschnittsergebnis liegt bei 14 aus 31

Antwortstatistiken

#LängeName% Korrekt
A1292 kmWest-Autobahn
93%
A2377 kmSüd-Autobahn
92%
A466 kmOst-Autobahn
87%
A549 kmNord-Autobahn
86%
A10194 kmTauern-Autobahn
79%
A339 kmSüdost-Autobahn
75%
A1335 kmBrenner Autobahn
74%
A12153 kmInntal-Autobahn
73%
A9230 kmPyhrn-Autobahn
71%
A1121 kmKarawanken-Autobahn
57%
A622 kmNordost-Autobahn
57%
A877 kmInnkreis-Autobahn
54%
A1461 kmRheintal/Walgau-Autobahn
54%
A2318 kmAutobahn Südosttangente Wien
50%
A729 kmMühlkreis-Autobahn
50%
A2234 kmDonauufer-Autobahn
47%
A2520 kmWelser Autobahn
45%
A2138 kmWiener Außenring-Autobahn
44%
S140 kmWiener Außenring Schnellstraße
39%
S6105 kmSemmering-Schnellstraße
38%
S1662 kmArlberg-Schnellstraße
30%
S3328 kmKremser Schnellstraße
22%
S3636 kmMurtal-Schnellstraße
22%
S3151 kmBurgenland-Schnellstraße
18%
S545 kmStockerauer Schnellstraße
17%
S417 kmMattersburger Schnellstraße
13%
S324 kmWeinviertel-Schnellstraße
13%
S3718 kmKlagenfurter Schnellstraße
10%
S1022 kmMühlviertler Schnellstraße
9%
S3536 kmBruckner Schnellstraße
6%
S27 kmWiener Nordrand-Schnellstraße
6%

Verteilung der Resultate

Perzentil nach korrekt beantworteten Fragen

Anzahl Personen mit jedem Resultat

Ihre Resultats-Entwicklung

Sie haben dieses Quiz noch nicht gespielt